Partial differential equations for scientists and engineers (Record no. 566577)

000 -LEADER
fixed length control field 01039pam a2200277 a 4500
001 - CONTROL NUMBER
control field 3467499
003 - CONTROL NUMBER IDENTIFIER
control field CEME
005 - DATE AND TIME OF LATEST TRANSACTION
control field 20210628201620.0
008 - FIXED-LENGTH DATA ELEMENTS--GENERAL INFORMATION
fixed length control field 930428r19931982nyua b 001 0 eng
010 ## - LIBRARY OF CONGRESS CONTROL NUMBER
LC control number 93004556
020 ## - INTERNATIONAL STANDARD BOOK NUMBER
International Standard Book Number 048667620X (pbk.) :
Terms of availability $12.95
040 ## - CATALOGING SOURCE
Original cataloging agency DLC
Transcribing agency DLC
Modifying agency DLC
050 00 - LIBRARY OF CONGRESS CALL NUMBER
Classification number QA377
Item number .F37 1993
082 00 - DEWEY DECIMAL CLASSIFICATION NUMBER
Classification number 515/.353
Edition number 20
100 1# - MAIN ENTRY--PERSONAL NAME
Personal name Farlow, Stanley J.,
Dates associated with a name 1937-
9 (RLIN) 56018
245 10 - TITLE STATEMENT
Title Partial differential equations for scientists and engineers
Statement of responsibility, etc. Stanley J. Farlow.
260 ## - PUBLICATION, DISTRIBUTION, ETC.
Place of publication, distribution, etc. New York :
Name of publisher, distributor, etc. Dover Publications,
Date of publication, distribution, etc. 1993.
300 ## - PHYSICAL DESCRIPTION
Extent ix, 414 p. :
Other physical details ill. ;
Dimensions 24 cm.
440 #0 - SERIES STATEMENT/ADDED ENTRY--TITLE
Title Dover books on advanced mathematics
9 (RLIN) 5357
500 ## - GENERAL NOTE
General note Originally published: New York : Wiley, c1982.
504 ## - BIBLIOGRAPHY, ETC. NOTE
Bibliography, etc. note Includes bibliographical references and index.
650 #0 - SUBJECT ADDED ENTRY--TOPICAL TERM
Topical term or geographic name entry element Differential equations, Partial.
9 (RLIN) 3443
856 42 - ELECTRONIC LOCATION AND ACCESS
Materials specified Publisher description
Uniform Resource Identifier <a href="http://www.loc.gov/catdir/description/dover031/93004556.html">http://www.loc.gov/catdir/description/dover031/93004556.html</a>
856 41 - ELECTRONIC LOCATION AND ACCESS
Materials specified Table of contents
Uniform Resource Identifier <a href="http://www.loc.gov/catdir/toc/dover031/93004556.html">http://www.loc.gov/catdir/toc/dover031/93004556.html</a>
942 ## - ADDED ENTRY ELEMENTS (KOHA)
Source of classification or shelving scheme
Koha item type Book
Holdings
Withdrawn status Lost status Source of classification or shelving scheme Damaged status Not for loan Permanent Location Current Location Shelving location Date acquired Total Checkouts Full call number Barcode Date last seen Price effective from Koha item type
          College of Electrical & Mechanical Engineering (CEME) College of Electrical & Mechanical Engineering (CEME) General Stacks 04/05/2017   515.353 FAR CEME-42697 06/28/2021 06/28/2021 Book
          College of Electrical & Mechanical Engineering (CEME) College of Electrical & Mechanical Engineering (CEME) General Stacks 04/05/2017   515.353 FAR CEME-42698 06/28/2021 06/28/2021 Book
          College of Electrical & Mechanical Engineering (CEME) College of Electrical & Mechanical Engineering (CEME) General Stacks 04/05/2017   515.353 FAR CEME-42699 06/28/2021 06/28/2021 Book
          College of Electrical & Mechanical Engineering (CEME) College of Electrical & Mechanical Engineering (CEME) General Stacks 04/05/2017   515.353 FAR CEME-42700 06/28/2021 06/28/2021 Book
© 2023 Central Library, National University of Sciences and Technology. All Rights Reserved.